00622nam a2200181Ia 4500008004100000082001800041100001700059245003700076250000800113260002900121300001300150500002400163650001500187942000700202952010700209952010700316999001700423230524s9999 xx 000 0 und d a621.3821bASH aAshfaq Ahmed 0aPower Electronics for Technology a1ST aNEW DELHIbPearsonc2003 aXIII;427 aQuantity Number: 2 aElectrical cBK 00104070aTATCLbTATCLcGENd2023-05-24l0o621.3821 ASHp6533r2023-05-24w2023-05-24yBKzPCEL4301 00104070aTATCLbTATCLcGENd2023-05-24l0o621.3821 ASHp6534r2023-05-24w2023-05-24yBKzPCEL4301 c20388d20388